Normal view
MARC view
Entry Geographic Name
001 - CONTROL NUMBER
- control field: 40255
003 - CONTROL NUMBER IDENTIFIER
- control field: OSt
005 - DATE AND TIME OF LATEST TRANSACTION
- control field: 20230905145243.0
008 - FIXED-LENGTH DATA ELEMENTS
- fixed length control field: 230905|| aca||aabn | a|a d
040 ## - CATALOGING SOURCE
- Original cataloging agency: OSt
- Transcribing agency: OSt
151 ## - HEADING--GEOGRAPHIC NAME
- Geographic name: Great Britain
- General subdivision: Colonies
- General subdivision: Social conditions.
670 ## - SOURCE DATA FOUND
- Source citation: Work cat.: (OSt)0: Elkins, Caroline, author. 40249, Legacy of violence :, 2022
